<?xml version="1.0" encoding="UTF-8"?><?xml-stylesheet type="text/xsl" href="static/style.xsl"?><OAI-PMH xmlns="http://www.openarchives.org/OAI/2.0/" xmlns:xsi="http://www.w3.org/2001/XMLSchema-instance" xsi:schemaLocation="http://www.openarchives.org/OAI/2.0/ http://www.openarchives.org/OAI/2.0/OAI-PMH.xsd"><responseDate>2026-06-01T02:50:15Z</responseDate><request verb="GetRecord" identifier="oai:riuma.uma.es:10630/3693" metadataPrefix="marc">https://riuma.uma.es/rest/oai/request</request><GetRecord><record><header><identifier>oai:riuma.uma.es:10630/3693</identifier><datestamp>2026-02-03T12:48:33Z</datestamp><setSpec>com_10630_27</setSpec><setSpec>com_10630_3139</setSpec><setSpec>com_10630_10</setSpec><setSpec>col_10630_548</setSpec></header><metadata><record xmlns="http://www.loc.gov/MARC21/slim" xmlns:dcterms="http://purl.org/dc/terms/" xmlns:doc="http://www.lyncode.com/xoai" xmlns:xsi="http://www.w3.org/2001/XMLSchema-instance" xsi:schemaLocation="http://www.loc.gov/MARC21/slim http://www.loc.gov/standards/marcxml/schema/MARC21slim.xsd">
   <leader>00925njm 22002777a 4500</leader>
   <datafield ind2=" " ind1=" " tag="042">
      <subfield code="a">dc</subfield>
   </datafield>
   <datafield ind2=" " ind1=" " tag="720">
      <subfield code="a">Villar, Luis</subfield>
      <subfield code="e">author</subfield>
   </datafield>
   <datafield ind2=" " ind1=" " tag="260">
      <subfield code="c">1975</subfield>
   </datafield>
   <datafield ind2=" " ind1=" " tag="520">
      <subfield code="a">Se describe el mosaico de estructura del paisaje vegetal del Pirineo occidental sobre la base de datos geológicos, climáticos, de relieve y de explotación natural y humana. Se comenta su estabilidad a lo largo de los siglos en un sistema de civilización ganadera y silvo-pastoral. Sin embargo, en los últimos tiempos, la explotación indiscriminada provoca la erosión del suelo, amenazando con producir una fuerte simplificación del tapiz vegetal mediante procesos irreversibles.</subfield>
   </datafield>
   <datafield ind2=" " ind1=" " tag="520">
      <subfield code="a">L'auteur envisage le mosaïque structural du paysage végétal des Pyrénées Occidentales espagnoles sur la base des données géologiques, climatiques et du relief. Ii tient aussi compte de l'exploitation naturelle et humaine. La stabilité de ces paysages, maintenue au long des siècles au sein díune civilisation pastorale et silvo-pastorale, est étudiée. Cependant, au cours de nos jours, une exploitation trop intense, au moyen de l'érosion du sol, nous mène à une forte simplification du manteau végétal.</subfield>
   </datafield>
   <datafield ind1="8" ind2=" " tag="024">
      <subfield code="a">Acta Botánica Malacitana, Nº 1&#xd;
, 1975, Págs. 57&#xd;
-67</subfield>
   </datafield>
   <datafield ind1="8" ind2=" " tag="024">
      <subfield code="a">02109506</subfield>
   </datafield>
   <datafield ind1="8" ind2=" " tag="024">
      <subfield code="a">http://hdl.handle.net/10630/3693</subfield>
   </datafield>
   <datafield ind2="0" ind1="0" tag="245">
      <subfield code="a">Las estructuras del paisaje vegetal del Pirineo occidental y su estabilidad</subfield>
   </datafield>
</record>
</metadata></record></GetRecord></OAI-PMH>